000 00524nam a2200169 i 4500
001 78542
003 ES-MaACL
005 20230906173736.0
007 t|
008 041014s1972 sp ||||1| spa d
100 1 _aHarrington, Wilfrid J.
_961899
245 1 3 _aEl Evangelio según San Lucas
_b: comentario /
_cW. J. Harrington ; traducción del inglés por Eloy Requena.
260 _aMadrid :
_bStudium,
_c[1972]
300 _a360 p. ;
_c22 cm.
700 1 _aRequena, Eloy.
_996289
852 _aES-MaACL
_jC-44613
_bR.83976
999 _c78542
_d78542